| 000 | 01655cad a22002655a 4500 | ||
|---|---|---|---|
| 001 | L147188 | ||
| 008 | 090408e20090406xxk f f000 0 eng d | ||
| 035 | _a(Sirsi) u147188 | ||
| 041 | 0 | _aeng | |
| 050 | 0 | 4 | _a711.1 $2 18 |
| 110 | 2 |
_aThe Planning Inspectorate _95723 |
|
| 245 | 0 | 0 |
_aCosts awards in appeals and other planning proceedings _h[electronic resource] |
| 260 |
_aLondon _bPlanning Inspectorate _c2009 |
||
| 520 | _aProvides updated guidance on the award of costs in England in proceedings under the Planning Acts. It compliments legislative amendments designed to improvide the efficiency and effectiveness of the planning appeals system. The guidance in this circular applies to appeals made and other proceedings initiated on, or after, 6 April 2009. The Circular 03/2009 (Costs awards in appeals and other planning procedures) revokes and replaces Circular 08/93: Awards of Costs Incurred in Planning and Other (Including Compulsory Purchase Order) Proceedings and paragraphs 46, 48 and 49 of Part 1 of the Memorandum to Circular 06/04: Compulsory Purchase and The Crichel Down Rules. | ||
| 590 | _aKA NTK | ||
| 650 | 2 | 4 | _aPLANNING (LISTED BUILDINGS AND CONSERVATION AREAS) ACT 1990 |
| 650 | 2 | 4 | _aTOWN AND COUNTRY PLANNING ACT 1990 |
| 650 | 2 | 4 | _aPLANNING (HAZARDOUS SUBSTANCES) ACT 1990 |
| 650 | 2 | 4 | _aPLANNING AND COMPULSORY PURCHASE ACT 2004 |
| 650 | 2 | 4 | _aCIRCULAR 03/2009 |
| 651 | 4 |
_aEngland and Wales _y1543- |
|
| 690 |
_aEngland and Wales _y1543- |
||
| 856 | 4 | 0 |
_uhttps://www.communities.gov.uk/publications/planningandbuilding/circularcostsawards _zView the document free of charge at www.communities.gov.uk... |
| 942 | _n0 | ||
| 999 |
_c109475 _d109475 |
||